00394 2200157 4500001002100000005001500021035002000036245005400056100001300110250001200123300001400135260004300149082000800192084001400200020002200214INLIS00000000000050520220125093613 a0010-01220000461 aAku Bangga pahlawanku Tjoet nyak dhin /cFidelara0 aFidelara aedisi 5 avi, 70hlm aJakarta :bPT Armadelta Selaras,c2018 a800 a800 FID a a978-979-052-186-5